000 00493nam a22001817a 4500
999 _c18906
_d18906
008 210426b xxu||||| |||| 00| 0 eng d
020 _a0765636898
050 _aHJ141
_b.W36 2014 c.1
100 _aWang, Xiaohu
245 _aFinancial management in the public sector
_btools, applications, and cases
250 _a3rd ed.
260 _aNew York
_bRoutledge
_c2014
300 _axviii, 255p.
650 _aFinance
_vpublic
650 _aAccounting
650 _aBudget
942 _2lcc
_cBK